Statystyki dla Męskie Imiona na literę C

Kliknij tutaj aby rozwiązać quiz!

Ogólne statystyki

  • Ten quiz został rozwiązany 214 razy
    (212 od ostatniego zresetowania)
  • Średni wynik to 3 z 8

Statystyki odpowiedzi

Imiona% Poprawnych
Czesław
92%
Cezary
84%
Cyprian
65%
Cyryl
40%
Cecyl
21%
Celestyn
9%
Cecyliusz
6%
Ciechosław
5%

Rozkład punktacji

Percentyl według liczby udzielonych odpowiedzi

Procent ludzi z każdym wynikiem

Twoja historia wyników

Nie rozwiązałeś tego quizu od ostatniego zresetowania